380023دليل المستثمر المصاحب لكتاب اساسيات الاستثمار في بورصة الأوراق المالية / (رقم التسجيلة. 80323)

تفاصيل مارك
000 -LEADER
fixed length control field 00653nam a22001817a 4500
005 - DATE AND TIME OF LATEST TRANSACTION
control field 20251108172456.0
008 - FIXED-LENGTH DATA ELEMENTS--GENERAL INFORMATION
fixed length control field 250721s9999 xx 000 0 ara d
082 14 - DEWEY DECIMAL CLASSIFICATION NUMBER
Classification number 332.62/حنا
100 1# - MAIN ENTRY--PERSONAL NAME
Personal name الحناوي، محمد صالح
245 10 - TITLE STATEMENT
Title 380023دليل المستثمر المصاحب لكتاب اساسيات الاستثمار في بورصة الأوراق المالية /
264 1# - PRODUCTION, PUBLICATION, DISTRIBUTION, MANUFACTURE, AND COPYRIGHT NOTICE
Place of production, publication, distribution, manufacture الاسكندرية :
Name of producer, publisher, distributor, manufacturer الدار الجامعية،
300 ## - PHYSICAL DESCRIPTION
Extent 227ص.
650 17 - SUBJECT ADDED ENTRY--TOPICAL TERM
Topical term or geographic name as entry element الاستثمارات
650 17 - SUBJECT ADDED ENTRY--TOPICAL TERM
Topical term or geographic name as entry element استثمارات رؤوس الأموال
650 17 - SUBJECT ADDED ENTRY--TOPICAL TERM
Topical term or geographic name as entry element رؤوس الأموال
942 ## - ADDED ENTRY ELEMENTS (KOHA)
Source of classification or shelving scheme Dewey Decimal Classification
Koha item type كتب
المقتنيات
حالة السحب حالة الفقدان مصدر التصنيف حالة التلف غير قابل للإعارة المكتبة الرئيسية المكتبة الحالية موقع الرف تاريخ التزويد الرقم المتسلسل Total Checkouts رقم الإستدعاء الباركود تاريخ آخر ظهور تاريخ الفاتورة نوع المادة (كوها)
    Dewey Decimal Classification     المكتبة المركزية المكتبة المركزية الإعارة 09/04/2011 1441187   332.62/حنا PLD00200183 28/07/2025 09/04/2011 كتب
Implemented & Customized by: BBB with SCIT (Smart Chains for Information Technology)

Powered by Koha